000 00550nam a2200217Ia 4500
003 GCL
008 140319s9999 xx 000 0 eng d
040 _aGCL /
_cGCL
082 0 4 _aP
_b398.87
_bI E
100 1 _aIBRAHIM, MUSTAFA FATHY
245 1 0 _aL'EXTASE ET LE TRANSISTOR /
_cIBRAHIM, MUSTAFA FATHY
700 1 _aPRGNOL, ARMAND
260 _a[S.N] :
_bC E D A E ،
_c1987
300 _a221 P
650 0 4 _aCNRS
650 0 4 _aEGYPT
650 0 4 _aCENTRE D ETUDES ET DE DOCUMENT
650 0 4 _aSONGS
650 0 4 _aSINGERS
942 _2ddc
_cCR
999 _c25902
_d25902